| 000 | 01114nas a2200373 4500 | ||
|---|---|---|---|
| 001 | BR2014005056 | ||
| 003 | BR-BrBNA | ||
| 005 | 20231205124353.0 | ||
| 007 | ta | ||
| 008 | 230509b bl.|||p| |||| 00| 00por d | ||
| 040 |
_aBR-BrBNA _bpor _cBiblioteca Nacional de Agricultura |
||
| 041 | _a(Pt) | ||
| 072 | _aL70 | ||
| 100 | 1 | _aCosta, A.C. da | |
| 100 | 1 | _aAlbernaz, A.P. | |
| 100 | 1 | _aScheffer, J.P. | |
| 100 | 1 | _aAtallah, F.A. | |
| 100 | 1 | _aMonteiro, G.A.S. | |
| 100 | 1 | _aRamos, R.M. | |
| 100 | 1 | _aSilva, S.J.Q. | |
| 100 | 1 | _aOliveira, A.L. de A. | |
| 245 | 1 | _aDesenvolvimento de um protótipo de pulmão artificial para uso em cães (Canis familiaris): estudo experimental | |
| 650 | _aCÃO | ||
| 650 | _aCANIS FAMILIARIS | ||
| 650 | _aPROTÓTIPO | ||
| 650 | _aPULMÃO | ||
| 650 | _aPERFORMANCE | ||
| 650 | _aSANGUE | ||
| 650 | _aOXIGÊNIO | ||
| 650 | _aDIÓXIDO DE CARBONO | ||
| 773 | 0 |
_tRevista Brasileira de Medicina Veterinária (Brazil) _xISSN 0100-2430 _g(Dec 2013), v. 35(supl. 1) p. 1-11 _wBR2014005056 |
|
| 909 |
_a202311 _bLúcia _c55 _dLúcia Elande |
||
| 942 |
_2AGRIS _n0 _cANA |
||
| 999 |
_c238730 _d238730 |
||